Ứng dụng xét nghiệm HbA1c theo dõi kiểm soát đường huyết của người bệnh đái tháo đường type 2 : Luận văn tốt nghiệp cao học. Ngành Công nghệ sinh học

Nội dung đề tài là đánh giá việc theo dõi đường huyết bằng xét nghiệm HbA1c và xét nghiệm Glucose trong việc điều trị bệnh đái tháo đường type 2 tại thành phố Cần Thơ.

Bewaard in:
Bibliografische gegevens
Hoofdauteur: Huỳnh, Văn Trương
Formaat: Boek
Taal:Undetermined
Gepubliceerd in: Cần Thơ Trường Đại học Cần Thơ 2009
Onderwerpen:
Tags: Voeg label toe
Geen labels, Wees de eerste die dit record labelt!
Thư viện lưu trữ: Trung tâm Học liệu Trường Đại học Cần Thơ
LEADER 01134nam a2200217Ia 4500
001 CTU_152108
008 210402s9999 xx 000 0 und d
082 |a 616.462 
082 |b Tr561 
088 |a 60420201 
100 |a Huỳnh, Văn Trương 
245 0 |a Ứng dụng xét nghiệm HbA1c theo dõi kiểm soát đường huyết của người bệnh đái tháo đường type 2 : 
245 0 |b Luận văn tốt nghiệp cao học. Ngành Công nghệ sinh học 
245 0 |c Huỳnh Văn Trương; Phạm Hùng Lực (cán bộ hướng dẫn) 
260 |a Cần Thơ 
260 |b Trường Đại học Cần Thơ 
260 |c 2009 
520 |a Nội dung đề tài là đánh giá việc theo dõi đường huyết bằng xét nghiệm HbA1c và xét nghiệm Glucose trong việc điều trị bệnh đái tháo đường type 2 tại thành phố Cần Thơ. 
650 |a Diabetes,Bệnh đái tháo đường 
904 |i Năm, Ái 
980 |a Trung tâm Học liệu Trường Đại học Cần Thơ